| 000 | 01058pam a2200277 a 4500 | ||
|---|---|---|---|
| 001 | 015366060 | ||
| 003 | OSt | ||
| 005 | 20141113142514.0 | ||
| 008 | 090831s2010 xxkad frb 001 0 eng d | ||
| 020 | _a9780273727835 (pbk.) | ||
| 020 | _a0273727834 (pbk.) | ||
| 040 |
_aStDuBDS _beng _cStDuBDS _dUk _dEG-ScBUE |
||
| 082 | 0 | 0 |
_a332.6327 _222 _bSTE |
| 100 | 1 |
_aStevenson, David _c(Investment columnist) _936526 |
|
| 245 | 1 | 4 |
_aThe financial times guide to exchange traded funds and index funds : _bhow to use tracker funds in your investment portfolio / _cDavid Stevenson. |
| 246 | 3 | 0 | _aGuide to exchange traded funds and index funds |
| 260 |
_aHarlow, United Kingdom : _bFinancial Times Prentice Hall, _bPearson Education imited, _c2010. |
||
| 300 |
_axiii, 402 p. : _bcharts, tables ; _c24 cm. |
||
| 500 | _aIndex : p. 391-402. | ||
| 504 | _aBibliography : p. 385-390. | ||
| 650 | 0 |
_aExchange traded funds _936527 |
|
| 650 | 0 |
_aIndex mutual funds _936528 |
|
| 653 |
_bBUSADM _cNovember2014 |
||
| 655 |
_vreading book _934232 |
||
| 942 |
_2ddc _k332.6327 STE |
||
| 999 |
_c18614 _d18586 |
||